000
00292nam a22001337a 4500
008
180928b xxu||||| |||| 00| 0 eng d
020
_a
9780256124033
041
_a
eng
080
_2
3rd
_a
330.722.6
100
_a
61
101
_a
KF
245
_a
Accounting
_c
Mueller,G.G
942
_2
udc
_c
BK
999
_c
48669
_d
48669